00531nam a2200169Ia 4500008004100000082001300041100001900054245007000073250000800143260003200151300001100183500002400194650001600218942000700234952010300241999001700344230524s9999 xx 000 0 und d a510bKRE aErwin Kreyszig 2aA Complete Solution to Advanced Engineering Mathematics (Vol-II) a1ST aNEW DELHIbJohn Wileyc2000 aIV;266 aQuantity Number: 1 aMathematics cBK 00104070aTATCLbTATCLcGENd2023-05-24l0o510 KREp13390r2023-05-24w2023-05-24yBKzBSCP2201 c35717d35717